Carregant...
Silent Spring
| Autor principal: | |
|---|---|
| Format: | Printed Book |
| Idioma: | English |
| Publicat: |
Mapusa Othar India Press
Mapusa Othar India Press
1962
|
| LEADER | 00505nam a2200133Ia 4500 | ||
|---|---|---|---|
| 008 | 111205s9999 xx 000 0 eng d | ||
| 082 | |a 851 M AYY/T | ||
| 100 | |a Rachel Carson | ||
| 245 | |a Silent Spring |c Rachel Carson | ||
| 260 | |b Mapusa Othar India Press |a Mapusa Othar India Press |c 1962 | ||
| 300 | |a 244 | ||
| 942 | |c BK | ||
| 999 | |c 215305 |d 215305 | ||
| 952 | |0 0 |1 0 |2 ddc |4 0 |6 E_574_500000000000000_CAR_S |7 0 |9 238039 |a MAL |b MAL |c ST1 |d 2020-01-15 |g 175.00 |l 1 |o E 574.5 CAR/S |p MAL27398 |r 2012-12-13 |s 2012-09-28 |v 175.00 |w 2011-12-05 |y BK | ||